Kitāb fīhi Tabṣīr ūlī al-nuhá wa-maʻālim al-hudá, aw, al-Tabṣīr fī maʻālim al-dīn /

Islamic doctrine of belief; edition of a classical work.

Saved in:
Bibliographic Details
Main Author: Ṭabarī, 838?-923.
Other Authors: Shibl, ʻAlī ibn ʻAbd al-ʻAzīz.
Format: Book
Language:Arabic
Published: al-Riyāḍ : Dār al-ʻĀṣimah lil-Nashr wa-al-Tawzīʻ, 1996.
Edition:al-Ṭabʻah 1.
Subjects:
Tags: Add Tag
No Tags, Be the first to tag this record!
LEADER 01179nam a2200289 a 4500
001 007733752-2
005 20020606104010.5
008 980312s1996 su b 001|0 ara d
010 |a  96966105 /NE 
035 0 |a ocm36727588 
040 |a DLC  |c DLC 
042 |a lcode 
050 0 0 |a BP160  |b .T34 1996 
100 0 |a Ṭabarī,  |d 838?-923. 
240 1 0 |a Tabṣīr ūlī al-nuhá wa-maʻālim al-hudá 
245 1 0 |a Kitāb fīhi Tabṣīr ūlī al-nuhá wa-maʻālim al-hudá, aw, al-Tabṣīr fī maʻālim al-dīn /  |c taʾlīf Abī Jaʻfar Muḥammad ibn Jarīr ibn Yazīd al-Ṭabarī ; taḥqīq wa-taʻlīq ʻAlī ibn ʻAbd al-ʻAzīz ibn ʻAlī al-Shibl. 
246 3 0 |a Tabṣīr fī maʻālim al-dīn 
250 |a al-Ṭabʻah 1. 
260 |a al-Riyāḍ :  |b Dār al-ʻĀṣimah lil-Nashr wa-al-Tawzīʻ,  |c 1996. 
300 |a 272 p. :  |b ill. ;  |c 25 cm. 
504 |a Includes bibliographical references (p. 227-233) and indexes. 
520 |a Islamic doctrine of belief; edition of a classical work. 
650 0 |a Islam  |x Doctrines  |x Early works to 1800. 
700 1 |a Shibl, ʻAlī ibn ʻAbd al-ʻAzīz. 
752 |a Saudi Arabia  |d Riyadh. 
988 |a 20020608 
906 |0 DLC